| 000 | 01020nam a22001817a 4500 | ||
|---|---|---|---|
| 003 | OSt | ||
| 005 | 20251117081620.0 | ||
| 008 | 251117b |||||||| |||| 00| 0 eng d | ||
| 040 | _cDCL | ||
| 082 | _a၂၉၄.၃၈၂၃၅၂ | ||
| 130 |
_aတိပိဋက။ _pသုတ္တန္တပိဋက။ _pခုဒ္ဒကနိကာယ။ _tဝိမာနဝတ္ထု၊ _lပါဠိတော်၊ _sနိဿယ။ |
||
| 245 |
_aဝိမာနဝတ္ထုပါဠိတော်နိဿယ / _cအသျှင်ဇာဂရမထေရ်။ |
||
| 264 |
_aမန္တလေး ၊ _bမန္တလေးတောင်ပိဋကတ်စာပုံနှိပ်တိုက်၊ _c၁၉၃၆။ |
||
| 300 |
_a၂၄၇ စာမျက်နှာ ၊ _c၂၅ စင်တီ။ |
||
| 650 |
_aဝိမာနဝတ္ထု _vပါဠိတော်နိဿယ။ |
||
| 700 | _aဇာဂရမထေရ်၊ အသျှင် | ||
| 942 |
_2ddc _cSHORT TERM _n0 |
||
| 999 |
_c2485 _d2485 |
||